Clubs de Zlatan Ibrahimović - Statistiques

Statistiques générales
  • Ce quiz a été pris 44 369 fois
    43 720 depuis la dernière actualisation
  • Le résultat moyen est 7 sur 9
Statistiques - réponses
Clubs % Correct
Paris Saint-Germain
99%
Milan AC
95%
FC Barcelone
90%
Inter Milan
87%
Manchester United
81%
Los Angeles Galaxy
78%
Ajax Amsterdam
71%
Juventus FC
67%
Malmö FF
64%
Aucun quiz correspondant
Distribution des résultats
% des personnes avec chaque résultat
Percentile par nombre de réponses
Votre historique - résultats
Vous n’avez pas pris ce quiz depuis la dernière actualisation